00869 a2200205 4500003000500000005001700005010001600022020002800038040000900066082001800075100002000093245005100113250001200164260003100176300003400207505022400241650003600465856008800501856007400589NUST20221229183359.0 a 99030369 a0471316512 (alk. paper) cNust00a621.38456,DER1 aDeRose, James F14aThe wireless data handbook /cJames F. DeRose. a4th ed. aNew York :bWiley,cc1999. axxi, 388 p. :bill. ;c24 cm. aGetting Started (Page-3), Business 101: Price and Quantity Fixations,( Page-87), Business 102 Other Things are Important Too (Page-171), Some Private Technical Consideration ( Page-203), Putting IT Together ( Page-259). 0aWireless communication systems.423Publisher descriptionuhttp://www.loc.gov/catdir/description/wiley033/99030369.html423Table of Contentsuhttp://www.loc.gov/catdir/toc/onix04/99030369.html